• AIU
  • Tony Wilmot Memorial Library

La traduction : (Record no. 17425)

MARC details
000 -LEADER
fixed length control field 00603nam a22001931a 4500
003 - CONTROL NUMBER IDENTIFIER
control field NEGST
005 - DATE AND TIME OF LATEST TRANSACTION
control field 20110718123623.0
008 - FIXED-LENGTH DATA ELEMENTS--GENERAL INFORMATION
fixed length control field 030618s1971 001 0 eng d
100 1# - MAIN ENTRY--PERSONAL NAME
Personal name Taber, Charles Russell.
245 10 - TITLE STATEMENT
Title La traduction :
Remainder of title theorie et methode /
Statement of responsibility, etc Charles R. Taber et Eugene A. Nida.
260 ## - PUBLICATION, DISTRIBUTION, ETC. (IMPRINT)
Place of publication, distribution, etc London :
Name of publisher, distributor, etc Alliance Biblique Universelle,
Date of publication, distribution, etc c1971.
300 ## - PHYSICAL DESCRIPTION
Extent vi, 179p.
500 ## - GENERAL NOTE
General note Includes bibliography.
590 ## - LOCAL NOTE (RLIN)
Local note Accession number: 20024
630 00 - SUBJECT ADDED ENTRY--UNIFORM TITLE
Uniform title Bible translating.
650 #0 - SUBJECT ADDED ENTRY--TOPICAL TERM
Topical term or geographic name as entry element Translating and interpreting.
700 1# - ADDED ENTRY--PERSONAL NAME
Personal name Nida, Eugene Albert,
Dates associated with a name 1914-
Holdings
Withdrawn status Lost status Source of classification or shelving scheme Damaged status Not for loan Collection code Home library Current library Shelving location Date acquired Cost, normal purchase price Total Checkouts Full call number Barcode Date last seen Copy number Price effective from Koha item type
    Library of Congress Classification     General Circulation AIU/NEGST - Tony Wilmot Memorial Library AIU/NEGST - Tony Wilmot Memorial Library General Stacks 08/21/2009 17.00   BS450.T33 1971 R00720Y3232 09/26/2019 1 08/21/2009 Books